000 00455nam a2200169Ia 4500
008 131103s9999 xx 000 0 und d
040 _aLoreto College
041 _aEnglish
082 _a371.63/PET
_bLCBED/4551
100 _aPeters, Margaret L.
245 _aSpelling;caught or taught?
_cMargaret L.Peters
260 _aLondon
_bRoutledge & Kegan
_c1967
300 _a88p
_c 18cm.
650 _aEducation
850 _aLCBED/371.63/PET
942 _cBK
999 _c27621
_d78100